Tilastot visalle Valtiot, joissa on eniten kristittyjä

Klikkaa tästä pelataksesi tätä visaa!

Yleistilastot

  • Tätä visaa on pelattu 187 kertaa
  • Keskiarvotulos 14 / 20

Vastaustilastot

#Valtio%% Oikein
234 milYhdysvallat71
99%
89,2 milVenäjä62
96%
47,0 milSaksa57
93%
38,6 milRanska59
92%
191 milBrasilia90
91%
49,1 milItalia83
87%
42,6 milKiina3
86%
122 milMeksiko92
83%
39,5 milYhdistynyt kuningaskunta59
82%
39,7 milArgentiina88
79%
46,5 milEtelä-Afrikka80
65%
45,9 milKolumbia92
56%
35,9 milUkraina82
55%
98,5 milNigeria49
54%
70,5 milEtiopia64
53%
79,8 milKongon dem. tasavalta92
49%
44,4 milKenia85
45%
91,9 milFilippiinit85
43%
37,2 milTansania61
40%
40,7 milUganda89
22%

Tulosjakauma

Persentiili vastausten määrän mukaan

Jokaisen tuloksen saaneiden osuus

Tuloshistoriasi

Et ole pelannut tätä visaa